| 000 | 01078nam a2200217Ia 4500 | ||
|---|---|---|---|
| 999 |
_c42300 _d42300 |
||
| 003 | GCL | ||
| 005 | 20240530103750.0 | ||
| 008 | 140319s9999 xx 000 0 ara d | ||
| 040 |
_aGCL / _cGCL |
||
| 082 | 0 | 4 |
_a810.8 _bا ا |
| 100 | 1 | _aابوالفرج الاصفهانى: على بن الحسين بن محمد بن الهيثم عبدالرحمن بن مروان البغدادى | |
| 245 | 1 | 0 |
_aالاغانى / _cعابوالفرج الاصفهانى: على بن الحسين بن محمد بن الهيثم عبدالرحمن بن مروان البغدادى ؛ تحقيق على السباعى ؛ اشراف محمد ابوالفضل ابراهيم |
| 260 |
_aالقاهرة : _bالهيئة المصرية العامة للتاليف والنشر ، _c1974 |
||
| 300 |
_a19 مج ؛ _c24 سم |
||
| 650 | 0 | 4 | _aالشعر العربى |
| 650 | 0 | 4 | _aالادب العربى |
| 650 | 0 | 4 | _aالشعر العربى - مجموعات |
| 700 | 0 |
_aعلى السباعى _eمحقق |
|
| 700 | 0 |
_aمحمد ابوالفضل ابراهيم _eمشرف |
|
| 942 |
_2ddc _cBK |
||